El contrato social

La temática se centra en el marco de la filosofía política, partiendo del origen moral de los seres humanos como seres libres por naturaleza que, sin embargo, “por todos lados se encuentra encadenado”. Asimismo, considera que la familia es la primera sociedad política a partir de la cual se desarro...

Fuld beskrivelse

Guardado en:
Bibliografiske detaljer
Hovedforfatter: Rousseau, Jean Jacques
Format: Bog
Sprog:Undetermined
Udgivet: San José, Costa Rica EDUCA 1997
Udgivelse:2
Fag:
Tags: Tilføj Tag
Ingen Tags, Vær først til at tagge denne postø!

MARC

LEADER 00000nam a2200000Ia 4500
008 170316s9999 xx 000 0 und d
040 |a cru BVZT 
090 |a 100 R-41co 
100 |a Rousseau, Jean Jacques 
245 |a El contrato social 
250 |a 2 
260 |a San José, Costa Rica 
260 |b EDUCA 
260 |c 1997 
300 |a 232 páginas 
520 |a  La temática se centra en el marco de la filosofía política, partiendo del origen moral de los seres humanos como seres libres por naturaleza que, sin embargo, “por todos lados se encuentra encadenado”. Asimismo, considera que la familia es la primera sociedad política a partir de la cual se desarrolla todo el Estado. En efecto, describe cómo debe ser el Estado y los tipos de gobierno posible, considerando que el más adecuado depende del número y extensión de habitantes. Entre muchas otras cosas, habla sobre la necesidad de las leyes según la bondad de las personas, la elecciones o cuando es necesaria la dictadura 
650 |a FILOSOFÍA  |9 5 
999 |c 17475  |d 17475 
942 |c 15 D  |h 100 R-41co  |2 z